GETS Theological Seminary Library

起來, 接棒! : (Record no. 17153)

MARC details
000 -LEADER
fixed length control field 00756nam a2200229Ia 4500
008 - FIXED-LENGTH DATA ELEMENTS--GENERAL INFORMATION
fixed length control field 200826s9999||||xx |||||||||||||| ||und||
020 ## - INTERNATIONAL STANDARD BOOK NUMBER
International Standard Book Number 9575877020
020 ## - INTERNATIONAL STANDARD BOOK NUMBER
International Standard Book Number 9789575877026
041 ## - LANGUAGE CODE
Language code of text/sound track or separate title chi
Language code of original eng
050 ## - LIBRARY OF CONGRESS CALL NUMBER
Classification number BV3431.2.W43
Item number .A312 2001
100 ## - MAIN ENTRY--PERSONAL NAME
Personal name Webster, Richard A.
245 #0 - TITLE STATEMENT
Title 起來, 接棒! :
Remainder of title  = Seize the Baton /
Statement of responsibility, etc. 魏德凱 (Richard A. Webster) 著; 劉良淑譯
246 ## - VARYING FORM OF TITLE
Title proper/short title 起来, 接棒!:
Remainder of title  =Seize the Baton/
260 ## - PUBLICATION, DISTRIBUTION, ETC.
Place of publication, distribution, etc. 台北 : 
Name of publisher, distributor, etc. 校園書房出版社,
Date of publication, distribution, etc. 2001
300 ## - PHYSICAL DESCRIPTION
Extent 158 p. :
Other physical details por. ;
Dimensions 21 cm.
500 ## - GENERAL NOTE
General note Translatin of: Seize the Baton.
650 ## - SUBJECT ADDED ENTRY--TOPICAL TERM
Topical term or geographic name entry element Missionaries China Biography.
650 ## - SUBJECT ADDED ENTRY--TOPICAL TERM
Topical term or geographic name entry element Missionaries Taiwan Biography.
650 ## - SUBJECT ADDED ENTRY--TOPICAL TERM
Topical term or geographic name entry element Webster, Richard A.1920-.
700 ## - ADDED ENTRY--PERSONAL NAME
Personal name 劉良淑
Holdings
Withdrawn status Lost status Damaged status Not for loan Home library Current library Shelving location Date acquired Total Checkouts Full call number Barcode Date last seen Price effective from Koha item type Copy number
        GETS Theological Seminary Library GETS Theological Seminary Library General Stacks 08/24/2020   BV3431.2.W43 .A312 2001 00005354 08/24/2020 08/24/2020 Chinese Book  
        GETS Theological Seminary Library GETS Theological Seminary Library General Stacks 08/26/2020   BV3431.2.W43 .A312 2001 00007529 08/26/2020 08/26/2020 Chinese Book c. 2
OpacCredits

Contact the Librarian, GETS Library
Email: library@mygets.org









Implemented by GETS Library
(Powered by ETCA Professional Group)
GETS Theological Seminary
412 E. Rowland Street, CA 91723